| 000 | 00760nam a2200241Ia 4500 | ||
|---|---|---|---|
| 008 | 170203s9999 xx 000 0 und d | ||
| 020 | _a9710328026 | ||
| 050 | _a413 | ||
| 050 | _bT374 2003 | ||
| 245 | 4 | _aThe new Philippines comprehensive dictionary : | |
| 245 | _b8 major dialects. | ||
| 245 | _cInternational Standards Publishing Company. | ||
| 260 | _aManila : | ||
| 260 | _bInternational Standard Publishing Company, | ||
| 260 | _c2003 | ||
| 300 | _a1 volume (various pagings) : | ||
| 300 | _billustrations ; | ||
| 300 | _c28 cm. | ||
| 500 | _aIn English, Tagalog, Bikol, Cebuano, Hiligaynon, Iloko, Pampanga, and Pangasinan. | ||
| 650 | _aEnglish language -- | ||
| 650 | _aEnglish language. | ||
| 650 | _xDictionaries -- Polyglot. | ||
| 999 |
_c305686 _d305686 |
||